| 000 | 02084cam a22005178i 4500 | ||
|---|---|---|---|
| 001 | data | ||
| 005 | 20260322212108.0 | ||
| 006 | data | ||
| 007 | data | ||
| 008 | data | ||
| 035 | _a22663445 | ||
| 906 |
_a7 _bcbc _corignew _d1 _eecip _f20 _gy-gencatlg |
||
| 925 | 0 |
_aacquire _eecip ebook _xpolicy default |
|
| 010 | _a 2022029583 | ||
| 020 |
_a9780262374354 _q(pdf) |
||
| 020 |
_a9780262374361 _q(epub) |
||
| 020 |
_z9780262545501 _q(paperback) |
||
| 040 |
_aDLC _beng _cDLC _erda |
||
| 041 | 1 |
_aeng _hger |
|
| 042 | _apcc | ||
| 050 | 0 | 0 | _aHB701 |
| 082 | 0 | 0 |
_a323.4/6 _223/eng/20220623 |
| 100 | 1 |
_aLoick, Daniel, _eauthor. |
|
| 240 | 1 | 0 |
_aMissbrauch des Eigentums. _lEnglish |
| 245 | 1 | 4 |
_aThe abuse of property / _cDaniel Loick ; translated by Jacob Blumenfeld. |
| 263 | _a2304 | ||
| 264 | 1 |
_aCambridge, Massachusetts : _bThe MIT Press, _c[2023] |
|
| 300 | _a1 online resource | ||
| 336 |
_atext _btxt _2rdacontent |
||
| 337 |
_acomputer _bc _2rdamedia |
||
| 338 |
_aonline resource _bcr _2rdacarrier |
||
| 490 | 0 |
_aUntimely meditations ; _v19 |
|
| 500 | _aOriginally published as Der Missbrauch des Eigentum in Berlin by August Verlag. | ||
| 504 | _aIncludes bibliographical references. | ||
| 520 |
_a"In The Abuse of Property, Daniel Loick offers a multifaceted philosophical critique of property, arguing that property rights are not conditions of freedom or justice, but deficient, dysfunctional, and harmful ways of interacting with other people and the natural environment"-- _cProvided by publisher. |
||
| 588 | _aDescription based on print version record and CIP data provided by publisher; resource not viewed. | ||
| 650 | 0 | _aProperty. | |
| 650 | 0 | _aRight of property. | |
| 650 | 0 |
_aProperty _xSocial aspects. |
|
| 650 | 0 | _aAcquisition of property. | |
| 650 | 0 | _aPersonal property. | |
| 650 | 0 |
_aProperty _xPolitical aspects. |
|
| 776 | 0 | 8 |
_iPrint version: _aLoick, Daniel. _tAbuse of property _dCambridge, Massachusetts : The MIT Press, [2023] _z9780262545501 _w(DLC) 2022029582 |
| 985 |
_aLC online resource _d2022-06-23 |
||
| 999 |
_c1595 _d1595 |
||